[Event "World Chess Championship 2014"]
[Site "Sochi"]
[Date "2014.11.15"]
[Round "6"]
[White "Carlsen, Magnus"]
[Black "Anand, Viswanathan"]
[Result "1-0"]
[WhiteElo "2863"]
[BlackElo "2792"]
[EventDate "2014.??.??"]
[Annotator "Bojkov,Dejan"]
[PlyCount "75"]
[Beauty "7834423005703"]
[EventCountry "RUS"]

{[Annotations by GM Dejan Bojkov]} 
1.e4 c5 2.Nf3 e6 {Anand does not mind repeating the opening from game four.} 3.d4 {Carlsen does. He came fully equipped for the game, determined to get something out of the white color.} 3...cxd4 4.Nxd4 a6 {Anand is determined to play the Kan/Paulsen line. On account of this choice his former second S. Ganguly rhetorically asked: "When was the last time that the Kan/Paulsen was played on this level?" My bet would be the Petrosian-Spassky match in 1969... [It was Spassky-Fischer, game 21, 1972 - PD.]} 5.c4 {Another opening surprise! This match has plenty of psychological fight. The last time Magnus played this was back in 2004. Vishy, on his turn, had never faced it. At least with the black pieces.} ( 5.Bd3 Bc5 6.Nb3 Ba7 7.Qe2 d6 {was the course of the game Bobras,P (2518)-Anand,V (2775) Germany 2014} ) 5...Nf6 6.Nc3 Bb4 {Time for Magnus to experience something new! His two games ten years back saw both} ( {the sharp} 6...Qc7 7.a3 Nxe4 8.Nxe4 Qe5 9.Bd3 Qxd4 10.O-O {Carlsen,M (2385)-Trygstad,K (2330) Fredrikstad 2003} ) ( {and the positional} 6...d6 7.g3 Qc7 8.Be3 b6 9.Bg2 Bb7 10.O-O Nbd7 11.Rc1 {Carlsen,M (2484)-Werle,J (2407) Wijk aan Zee 2004} ) 7.Qd3 $5 {The second main move in the position. There was a burst of popularity of this line in 2005. Even Anand had tried it as White.} ( 7.Bd3 {remains the main move.} ) 7...Nc6 {I personally do not like this move. I wonder why Anand deviated from the principled central push} ( 7...d5 $5 8.exd5 exd5 9.Be2 O-O 10.O-O Nc6 11.Nxc6 bxc6 {especially if he remembered that he got nothing against Svidler as White after} 12.Bg5 Bxc3 13.bxc3 Be6 14.Rfd1 h6 15.Bh4 dxc4 16.Qg3 Qb8 17.Bxf6 Qxg3 18.hxg3 gxf6 19.Rd4 Rfd8 20.Rf4 {1/2 (20) Anand,V (2786)-Svidler,P (2735) Monte Carlo 2005} ) 8.Nxc6 dxc6 9.Qxd8+ ( {Also interesting is} 9.e5 Qxd3 10.Bxd3 Nd7 11.f4 {as in Kovacevic,A (2576)-Miezis,N (2533) Nova Gorica 2010} ) 9...Kxd8 10.e5 {The engame is extremely pleasant for White.} 10...Nd7 ( {In case of} 10...Ne4 11.a3 $1 {is very strong, for example} 11...Bxc3+ 12.bxc3 {and if} 12...Nxc3 13.a4 Ne4 14.Be3 {Black will have problems with both his knight and the dark squares.} ) 11.Bf4 Bxc3+ {A sad necessity. Anand will now suffer on the dark squares.} ( {Black can hardly preserve the bishop} 11...Ke7 12.O-O-O Ba5 13.Ne4 {as the knight will be super strong on d6.} ) ( {Also in case of} 11...Kc7 12.O-O-O {White threatens Nc3-e4-d6 which will force the trade of the bishop anyway.} ) 12.bxc3 Kc7 {The king is safer on c7 rather than e7. There are no checks along the h4-d8 diagonal and it can also support a future pawn on b6.} 13.h4 $1 {However, the problem is the kingside now. With this move the world champion grabs space on this part of the board and creates possible targets on the f7 and g7 squares. Since White has more space on the kingside, he can also lift both his rooks for the attack and the plan seems pretty scary.} 13...b6 ( {Black would be happy to block the h-pawn, but this will weaken further the dark squares, for example} 13...h5 14.Rh3 b6 15.Be2 Bb7 16.Rd1 Rad8 {with the idea to trade the rooks along the open file} 17.Rg3 g6 18.Bg5 Rde8 19.Rgd3 Nc5 20.Rd6 {and Black is paralized.} ) 14.h5 h6 {Or else h5-h6 and domination on the dark squares as in the previous line.} 15.O-O-O Bb7 16.Rd3 $1 {Simple and effective.} ( {White could have started with} 16.Rh4 {as well. I suspect Magnus disliked} 16...Nc5 17.Rg4 Rag8 {the knight on c5 looks great and prevents the rook from shifting along the third rank.} ) 16...c5 17.Rg3 Rag8 ( 17...Rhg8 18.Bd3 {already loses a pawn due to the threat Bd3-h7.} ) 18.Bd3 {Completely controlling the kingside. The threat Rh1-h4-g4xg7 is very hard to meet.} 18...Nf8 ( {The king can also try to help, but the position arising after} 18...Kd8 19.Rh4 Ke7 20.Rhg4 Kf8 {is frankly speaking, ugly. After} 21.Bc2 {Black is in a sort of a zugzwang. The threat is Bc2-a4 and then the rook will penetrate along the d file. If} 21...Bc6 {then} 22.Rd3 {and Rd3-d6.} ) 19.Be3 $1 {"I'm pretty happy with the position I got out of the opening. He doesn't have to play 19...g6 but anyway he can go something like .. .Bc7-e8 but it's really not very nice." (Carlsen)} ( {The hasty} 19.Rh4 $2 {will blow the advantage away after} 19...g5 $1 20.hxg6 Nxg6 {Where White will have nothing better than a draw with} 21.Bxg6 ( {As} 21.Rhg4 $2 {simply loses} 21...h5 22.Rg5 Nxf4 23.Rxg8 Rxg8 24.Rxg8 Nxd3+ ) 21...Rxg6 22.Rxg6 fxg6 23.Rxh6 Rxh6 24.Bxh6 Bxg2 ) 19...g6 {The only chance. Vishy naturally does not want to wait and see the rooks breaking his position.} 20.hxg6 Nxg6 21.Rh5 {There is no rush. Magnus achieved what he wanted. The pawn on h6 is doomed.} ( 21.Bxh6 $2 Nxe5 ) ( 21.Rxh6 $6 {leads only to a draw as the bishop on d3 is hanging in the line} 21...Nxe5 22.Bf4 Rxg3 23.Bxe5+ Kd7 24.Rxh8 Rxd3 ) 21...Bc6 22.Bc2 {One more move of respect. Both to the knight and the bishop.} 22...Kb7 23.Rg4 {White is obviously better, but Magnus struggles to find a plan. The main problem is that if he ever pushes the f-pawn there are problems along the g-file.} ( 23.f4 $2 Ne7 24.Rxg8 Rxg8 25.Rxh6 Rxg2 ) ( {However, the immediate} 23.Kd2 {was a way to improve, for example} 23...a5 24.Ke2 Ne7 25.Rxg8 Rxg8 26.g3 Rg4 27.Bd3 {and White wins the pawn on h6.} ) 23...a5 24.Bd1 Rd8 25.Bc2 {"I think I should be much better but I struggled to find a good plan since I need to play f3 and regroup the rook but that's not so easy since he'll be attacking my g2 pawn." (Carlsen)} 25...Rdg8 {First Magnus repeated the moves and then with...} 26.Kd2 $4 {he committed the blunder of the match so far! This loses at least a pawn and Magnus saw it at the moment he played it.} ( {The problem with} 26.Kd1 Nf8 27.Rf4 Be8 {is that White has no time to consolidate the advantage due to the lose position of his pieces} 28.Rh2 ( 28.g3 $2 f5 $1 ) 28...Ng6 {and Black is holding.} ) 26...a4 $4 {Returning the favor! This was probably the critical moment of the match.} ( {Vishy could have won a pawn with} 26...Nxe5 $1 27.Rxg8 Nxc4+ 28.Kd3 Nb2+ 29.Ke2 Rxg8 {with excellent winning chances for Black. "I was just extremely lucky." (Carlsen) "The thing is, when you're not expecting a gift, sometimes you just don't take it." (Anand)} ) 27.Ke2 a3 {The pawn on a2 is fixed and Anand is hoping that the a3 pawn will once become a queen. For instance after Bc6-a4-b3!} 28.f3 Rd8 {Takes control of the open file and prepares the following maneuver.} 29.Ke1 {Magnus steps away from a possible check on d3.} ( {Vishy would find counterplay after} 29.Bxg6 fxg6 30.Rxg6 Ba4 $1 31.Rxe6 ( 31.Rh1 Bc2 ) 31...Bc2 {This is where the Rd8 is needed.} 32.Re7+ Ka6 33.Rh1 Bd3+ 34.Kf2 Bxc4 {but after all this is an extra pawn, White can play further for the win.} ) 29...Rd7 30.Bc1 Ra8 {The threat is Ba4 to trade the good bishop and check on d1 is it retreats.} 31.Ke2 Ba4 ( {At the press conference the players agreed that Black should be OK after} 31...Ne7 {but I am not so sure about it:} 32.Rg7 Ba4 33.Bxa4 Rxa4 34.Rxf7 Rxc4 35.Bd2 {looks winning for White.} ) 32.Be4+ Bc6 $2 {This loses.} ( {It seems as they both didn't have faith in Black's counter-chances after} 32...Ka7 33.Bxa8 Kxa8 34.Bxa3 Rd1 35.Rxh6 Ra1 36.Ke3 Nxe5 ( 36...Rxa2 37.Bc1 Nxe5 38.Rg7 Nxc4+ 39.Kf4 ) 37.Rg7 Nxc4+ 38.Kf4 Nd6 39.Ke5 Rd1 {when the bishop is paralized on a3. But perhaps Black can survive this.} ) 33.Bxg6 fxg6 34.Rxg6 Ba4 35.Rxe6 Rd1 ( 35...Bb3 36.axb3 a2 37.Bb2 ) 36.Bxa3 Ra1 {It seems as the bishop is trapped, but...} 37.Ke3 Bc2 ( 37...Rxa2 38.Bc1 ) 38.Re7+ {A heartbreaker!} 1-0

[Event "World Chess Championship 2014"]
[Site "Sochi"]
[Date "2014.11.21"]
[Round "10"]
[White "Anand, Viswanathan"]
[Black "Carlsen, Magnus"]
[Result "1/2-1/2"]
[WhiteElo "2792"]
[BlackElo "2863"]
[EventDate "2014.??.??"]
[Annotator "Bojkov,Dejan"]
[PlyCount "63"]
[Beauty "6601767390217"]
[EventCountry "RUS"]

{Game 10 Analysis By GM Dejan Bojkov} 
1.d4 Nf6 2.c4 g6 3.Nc3 d5 {Carlsen switches to the Gruenfeld. It should have been difficult for Anand to prepare for each game. The thing is that Carlsen does not choose the same opening despite its positive outcome. The QGD served him well in the last game, while the Gruenfeld was not that good in game one, but nevertheless he switches back to it. Thus Anand has to work more, in different directions and to spend more energy in the pre-game preparation.} 4.Nf3 Bg7 5.Qb3 {The Russian system was chosen by Anand. This is not only respect to the organizers of the match but his main weapon against the Gruenfeld.} 5...dxc4 6.Qxc4 O-O 7.e4 Na6 {Curiously, Magnus had only two games in this line, back in 2003 and 2005. In the latter he chose the same move.} ( {Also possible is} 7...a6 {which was played against Anand by a former second of Carlsen} 8.Be2 b5 9.Qb3 Nc6 10.e5 Be6 11.Qd1 Nd5 {with solid position for Black in Anand,V (2811)-Nepomniachtchi,I (2730) Moscow 2011} ) 8.Be2 {The main move.} ( {The only previous game of Magnus in the line saw the offbeat} 8.Bg5 c5 9.d5 e6 10.O-O-O Qa5 11.Qb5 Qxb5 12.Bxb5 Nc7 13.Be2 exd5 14.exd5 Rd8 15.d6 Nce8 16.Bb5 {Azmaiparashvili,Z (2658)-Carlsen,M (2570) Khanty-Mansiysk 2005} ) 8...c5 9.d5 ( {White is not ready for the open game} 9.dxc5 {yields him nothing after} 9...Be6 10.Qb5 Rc8 ) 9...e6 10.O-O exd5 11.exd5 Re8 {The second most common but quite natural move. Vishy had faced the main move twice against Garry-Almighty} ( 11...Bf5 12.Rd1 Qb6 13.Qh4 ( 13.d6 Rad8 14.Na4 Qc6 $5 {Anand,V (2781)-Kasparov,G (2812) Frankfurt 1999} ) 13...Bc2 14.Rd2 Bf5 15.Rd1 Bc2 16.Rd2 {1/2 (16) Anand,V (2781) -Kasparov,G (2812) Frankfurt 1999} ) 12.Bg5 {It is useful to provoke a weakness on the kingside.} 12...h6 13.Be3 Bf5 14.Rad1 {All of this have already been seen. Here Magnus came up with a logical novelty} 14...Ne4 {Which however is not surprising at all for any Gruenfeld/KID player. The road for the two black bishops is opened and they can start exerting pressure on the queenside.} ( {Previously only} 14...Qb6 {was checked and here beside the move} 15.b3 {White has plenty of interesting options to work in his laboratory} ( 15.Nh4 $5 ) ( 15.Qb5 $5 ) ( 15.Rd2 $5 ) 15...Rad8 16.Rd2 Ng4 17.Bf4 Qa5 18.Rc1 {All of this was played by one of Anand's seconds} 18...g5 ( {Black missed a good shot} 18...b5 $1 19.Qxb5 ( 19.Nxb5 $2 Re4 ) 19...Bxc3 20.Qxa5 Bxa5 21.Bxa6 Bxd2 ) 19.Bg3 Bxc3 20.Qxc3 Qxc3 21.Rxc3 {with doubled-edged endgame in Wojtaszek,R (2713)-Ponomariov,R (2729) Poikovsky 2012 Obviously the Polish GM provided Anand with some additional know-how.} ) 15.Nxe4 {The first moment where the challenger could have gone for the sharp} ( 15.d6 $5 Nxc3 ( 15...Bxc3 $6 {looks too risky} 16.bxc3 Nxd6 $2 17.Qf4 {White has grand attack on the dark squares.} ) 16.bxc3 Qb6 {Only the further analyzes will prove if the d6 pawn is a weakness or an asset to the first player.} ) 15...Bxe4 ( {Worse is} 15...Rxe4 {as the rook is vulnerable there} 16.Qc1 Kh7 17.Bd3 ) 16.Qc1 {The second moment of the game where Vishy could have played sharper. Why endgame?!} ( {I strongly believe that the right treatment of the position was to keep the queens on the board. A central passer is good in the middlegame and not in the endgame. It separates the flanks into two independent parts and can help the kingside attack. In the endgame the central pawn is easily attacked by the king and is in most cases a weakness.} 16.d6 $5 {with the obvious idea} 16...Bxb2 $2 ( 16...Bc6 {should be better although White has a lot to play for, for example} 17.Qc1 $5 {The knight on a6 is misplaced and the kingside is under pressure.} 17...Re6 18.Bxa6 bxa6 19.Qxc5 Bxf3 20.gxf3 {and White is better as} 20...Bxb2 {fails to} 21.d7 {Notice how difficult it is not for Black to block the pawn!} ) 17.Bxh6 ) 16...Qf6 17.Bxh6 Qxb2 {"I was a little overoptimistic. I thought that without the queens on the board I am immediately fine." Carlsen. He indeed hs to solve some problems but as he demonstrated in the later, the endgame is much easier to hold than the middlegame.} ( 17...Bxd5 {is also possible although White is little better after} 18.Rxd5 Rxe2 19.Bxg7 Kxg7 20.Rd7 Re7 21.Rxe7 Qxe7 22.Re1 Qf6 23.Re4 {thanks to the misplaced Na6.} ) 18.Qxb2 ( {Or} 18.Bxg7 Qxc1 19.Rxc1 Kxg7 20.Bxa6 bxa6 21.Rxc5 Red8 22.Rd1 Rab8 {as Magnus intended to play.} ) 18...Bxb2 19.Ng5 {"I underestimated this move," Carlsen. And I suspect that this is the position that tempted Anand to swap off the queens. Now he wins the bishop pair.} ( 19.d6 {is also interesting.} ) ( {However} 19.Bxa6 $2 {is simply wrong as the c pawn supported by the bishop pair will be good only for Black} 19...bxa6 20.d6 c4 ) ( {another tempting continuation is suggested by Anand} 19.Bb5 {although this should not be much after} 19...Red8 ) 19...Bd4 $1 {"This was very precise"- Anand. The pawn on d6 had been excluded from the main forces and is now doomed. Vishy tries everything he can to generate threats with his bishops.} ( {Black has no time to save the bishop} 19...Bf5 20.Bb5 Red8 21.d6 Bd4 22.Bc4 Rxd6 23.Nxf7 Rd7 24.Nd6+ Kh7 25.Nxf5 gxf5 26.Bf4 ) ( {Neither} 19...Bc2 $2 {is good due to} 20.Rd2 Nb4 21.d6 ) 20.Nxe4 Rxe4 21.Bf3 Re7 22.d6 ( {While watching the game I anticipated the line} 22.Bf4 Rd7 23.d6 Nb4 24.Rd2 {which basically transposes into the game. Then after} 24...Re8 {Black intends to surround the pawn with Re8-e6, Nb4-c6 and Bd4-e5. Sometimes the kingside pawns also help. Exemplary line goes like this} 25.Rc1 Nc6 ( 25...Re6 {also makes sense} ) 26.Bxc6 bxc6 27.Kf1 f6 ( 27...Re6 28.Re2 Rxe2 29.Kxe2 f6 ) 28.h4 ( 28.Re2 Rxe2 29.Kxe2 g5 30.Bg3 f5 ) 28...Kf7 29.g3 Rg8 30.Re2 g5 31.hxg5 fxg5 {and the d6 pawn will disappear.} ) 22...Rd7 23.Bf4 Nb4 {Finally the knight enters the game.} 24.Rd2 {The last critical moment of the game.} ( {Anand mentioned at the press conference the move} 24.Rfe1 $5 {although he did not provide any further lines. This is a pawn sacrifice and very risky decision but looks tempting! After} 24...Nxa2 25.Re7 $1 Rxe7 ( 25...Rad8 26.Bd5 $1 Nc3 27.Bxf7+ Kg7 28.Rde1 Bf6 29.Rxd7 Rxd7 30.Be6 ) 26.dxe7 Re8 27.Re1 Nb4 {The knights hold both the critical c6 and d5 square and seems fine after f7-f6 and Kg8-f7 finally neutralizing the pawn.} 28.Bxb7 f6 ) 24...Re8 25.Rc1 Re6 {Getting into the d6 pawn business.} 26.h4 Be5 27.Bxe5 Rxe5 28.Bxb7 {Forces the draw. Obviously Anand could not do anything more} ( 28.Bg4 {is met with} 28...f5 29.Be2 Kf8 30.g3 b6 31.Bf3 Re6 32.a3 Na6 33.Be2 Nb8 34.Rcd1 a6 {intending both b6-b5 and c5-c4 as well as Nb8-c6-d4} ( 34...Nc6 $2 35.Bb5 ) 35.a4 Nc6 36.Bxa6 Nd4 37.Rxd4 ( 37.Bc8 Nf3+ 38.Kg2 Nxd2 39.Bxd7 Rxd6 ) 37...cxd4 38.Bc8 Rexd6 39.Bxd7 Rxd7 ) 28...Rxb7 29.d7 Nc6 30.d8=Q+ Nxd8 31.Rxd8+ Kg7 32.Rd2 {The resources are exhausted, the peace treaty signed. Carlsen leads 5. 5-4.5 and need one more point to defend the title.} 1/2-1/2